Biblioteca Parlamentaria
Catálogo en línea

MIEDO, CRIMINALIDAD Y ORDEN (Registro nro. 19652)

000 -CABECERA
Campo de control interno 00422nam a2200169Ia 4500
008 - ELEMENTOS DE LONGITUD FIJA - INFORMACION
Elementos de Longitud Fija - Informaci 141014s9999||||xx |||||||||||||| ||und||
010 ## - LIBRARY OF CONGRESS CONTROL NUMBER
LC control number 19502
020 ## - INTERNATIONAL STANDARD BOOK NUMBER
ISBN 978-9974676-81-7
082 ## - NUMERO DE CLASIFICACION DECIMAL DEWEY
1ra. Clasificación 364. C.814
100 ## - AUTOR PERSONAL
Autor Personal Cornelli, Roberto
245 ## - TÍTULO GENERAL
Título MIEDO, CRIMINALIDAD Y ORDEN
250 ## - EDICION
Edición S/E
260 ## - EDITORIAL
Ciudad B de F Ltda. Buenos Aires, Argentina
Fecha 2012
300 ## - DESCRIPCION
Número de páginas 386
Dimensiones 23 cm
650 ## - DESCRIPTORES - TEMAS
Temas - Descriptores Psiquiatria
942 ## - ELEMENTOS DE KOHA
Tipo de Documento Libros
Existencias
Withdrawn status Lost status Damaged status Not for loan Ubicaci Biblioteca Fecha de Adquisición Signatura Topogr Código de barras Date last seen Price effective from Tipo de Item
        Biblioteca Asamblea Nacional Biblioteca Asamblea Nacional 2014-10-14 364. C.814 19502 2014-10-14 2014-10-14 Libros
Dirección: Av. 6 de Diciembre y Piedrahita | Quito - Ecuador
Teléfonos: 593-23991000 Ext: 1147/1148
Correo:
archivo.biblioteca@asambleanacional.gob.ec

Soporte: FusionSolutions Cia. Ltda
archivobiblioteca white

Con tecnología Koha